| 000 | 01713nam a2200505 i 4500 | ||
|---|---|---|---|
| 001 | 5991 | ||
| 003 | KOSZ 005 | ||
| 005 | 20190927141116.0 | ||
| 008 | 971010s1989 pl a f |001 0 pol | ||
| 015 | _aPB 1989/5309 | ||
| 020 | _a8320806712 | ||
| 035 | _a991002689099705066 | ||
| 035 | _a(PL-WaBN)b10734259-48omnis_nlop | ||
| 035 | _ab10734259 | ||
| 035 | _a(OCoLC)749568541 | ||
| 035 | _a(PL)b0000001073425 | ||
| 035 | _a(EXLNZ-48OMNIS_NETWORK)9910206934805606 | ||
| 040 |
_aWA N _cWA N _dKOSZ 005/EG |
||
| 041 | _apol | ||
| 046 | _k1989 | ||
| 080 | _a339.3 | ||
| 080 | _a(075.8) | ||
| 245 | 1 | 0 |
_aEkonomika handlu wewnętrznego : _bpraca zbiorowa / _cpod red. Zbigniewa Zakrzewskiego ; aut. Bogna Pilarczyk [et al.]. |
| 260 |
_aWarszawa : _bPańst. Wydaw. Ekonomiczne, _c1989. |
||
| 300 |
_a287, [1] s. : _bwykr. ; _c20 cm. |
||
| 336 |
_2rdacontent _aTekst _btxt |
||
| 337 |
_2rdamedia _aBez urządzenia pośredniczącego _bn |
||
| 338 |
_2rdacarrier _aWolumin _bnc |
||
| 380 | _aKsiążki | ||
| 380 | _aPublikacje dydaktyczne | ||
| 385 |
_mPoziom nauczania _aSzkoły wyższe |
||
| 388 | _a1901-2000 | ||
| 388 | _a1989-2000 | ||
| 504 | _aBibliogr. przy rozdz. - Indeks. | ||
| 650 | 7 |
_aHandel _2DBN |
|
| 650 | 7 |
_aEkonomika _2DBN |
|
| 655 | 7 |
_aPodręczniki akademickie _2DBN |
|
| 658 | _aGospodarka, ekonomia, finanse | ||
| 700 | 1 |
_aPilarczyk, Bogna _d(1948- ) _eAutor |
|
| 700 | 1 |
_aZakrzewski, Zbigniew _d(1912-1992) _eRedakcja |
|
| 710 | 2 |
_aPaństwowe Wydawnictwo Ekonomiczne _4pbl |
|
| 856 |
_uhttp://koha.tu.koszalin.pl/cgi-bin/koha/opac-detail.pl?biblionumber=5991 _yKatalog online BPK |
||
| 942 |
_2UKD _cKS |
||
| 999 |
_c5991 _d5991 |
||